| 000 | 00424nam a2200157Ia 4500 | ||
|---|---|---|---|
| 008 | 220803s9999 xx 000 0 und d | ||
| 020 | _a978-81-291-2021-2 | ||
| 041 | _aeng | ||
| 082 | _a823 BHA | ||
| 100 |
_aBhagat C _923930 |
||
| 245 | _aWhat Young India Wants : Selected Essays And Colums | ||
| 260 |
_aNew Delhi _bRupa And Co. _c2012 |
||
| 300 | _a181p | ||
| 500 | _aArchitecture | ||
| 650 |
_aEnglish Literature _923931 |
||
| 999 |
_c15203 _d15203 |
||